Score 0/25 Timer 06:00
1 Play Today
% Correct
nectarine
93.9%
necessity
93.9%
nicotine
93.5%
nickel
93.3%
nunchuck
92.2%
nutmeg
92.1%
nuptial
91.7%
nougat
91.7%
nitrogen
91.5%
nonchalant
91.3%
noxious
90.8%
nightingale
90.6%
nimble
90.4%
% Correct
neon
90.4%
negligent
90.2%
noggin
90%
nincompoop
89.4%
neurotic
89.1%
naught
87.6%
nomenclature
86.4%
nonsensical
86.3%
niche
85.7%
nephrolith
80.1%
neolith
79.4%
nexus
77.1%
Remove Ads.
Support Sporcle.
Get the best of Sporcle when you Go Orange. This ad-free experience offers more features, more stats, and more fun while also helping to support Sporcle. Thank you for becoming a member.

You're not logged in!

Compare scores with friends on all Sporcle quizzes.
OR
Log In

Sporcle TV

Today on Sporcle TV


Watch our educational content, quiz creation guides, and fun videos on Sporcle TV.

Show Comments

Extras

Top Quizzes Today


Score Distribution

Paid Content

Your Account Isn't Verified!

In order to create a playlist on Sporcle, you need to verify the email address you used during registration. Go to your Sporcle Settings to finish the process.

Report this User

Report this user for behavior that violates our Community Guidelines.

Details: